Riconosci il Pokémon - Quiz n°208 - Statistics

Statistiche generali
  • Questo quiz è stato fatto 1 volte
  • Il punteggio medio è 10 su 10
Statistiche sulle risposte
Indizio Risposta % Corretto
Altezza 0,7 m
100%
Peso 11,0 kg; 20,5 kg (Galar)
100%
Sesso 50% ♂, 50% ♀
100%
Tasso di cattura 75 (17.5%)
100%
Tasso di allevamento Medio-Veloce
100%
Stadio evoluzione Non si evolve
100%
Generazione Quinta
100%
Abilità Statico; Scioltezza; Sabbiavelo; Mimetismo (Galar)
100%
Pokémon Stunfisk
100%
Tipo Terra / Elettro; Terra / Acciaio (Galar)
100%
Nessun quiz corrispondente trovato
Distribuzione punteggi
Percentuale di utenti per punteggio
Percentile per numero di risposta
I tuoi punteggi nel tempo
Non hai fatto questo quiz